000
00334nam a22001457a 4500
020
_a
9788183601429
082
_a
631.3
_b
SHA/FA
100
_a
Sharma D.N
245
_a
Farm Machinery design: Principles and problems
250
_a
2
260
_a
New Delhi
_b
Jain brothers
_c
2010
300
_a
398
700
_a
Mukesh S
942
_c
BK
999
_c
13615
_d
13615